000 00829cab a2200253 4500
001 ABS59441
008 090401t1998 xxu||||| |||| 00| 0 eng d
035 _a(Sirsi) u88898
041 _aeng
100 _aEade, C.
245 _aHighway to sell
260 _c1998
350 _a0
490 _aProperty Week
_v63(22) 25 September 1998, 34-35(2)
520 _aExamines the retail expansion at motorway service stations and considers whether these new motorway service areas have become shopping malls and at risk of being closed down by the Highways Agency as a destination.
650 _aEXPANSION
650 _aGRANADA
650 _aHIGHWAYS AGENCY
650 _aMOTORWAY SERVICE AREA
650 _aSHOPPING MALL
690 _aPROPERTY-COMMERCIAL PROPERTY-RETAIL PROPERTY
942 _n0
948 _c09/10/1998
999 _c56214
_d56214